000 00760nam a2200265Ia 4500
005 20250425161924.0
008 250425s9999 xx 000 0 und d
020 _a9275320969
041 _aspa
082 _a614
100 _aRODRIGUEZ, JORGE ED
245 0 _aPROYECTO SALUD, MEDIO AMBIENTE Y LUCHA CONTRA LA POBREZA
250 _aS.E.
260 _aEstados Unidos
_bORGANIZACION PANAMERICANA DE LA SALUD
_c1993
260 _aWASHINGTON
300 _a100
500 _aDESARROLLO Y FORTALECIMIENTO DE LOS SISTEMAS LOCALES DE SALUDHSS/SILOS-27
650 _aMEDIO AMBIENTE
650 _aPOBREZA
650 _aSALUD PUBLICA
650 _aSISTEMAS DE SALUD
710 _aORGANIZACION PANAMERICANA DE SALUD
942 _c01
010 _a35030
999 _c218903
_d218903